000 00329nam a2200133Ia 4500
008 151001s9999||||xx |||||||||||||| ||und||
100 _aदुर्गा - भागवत
245 _aव्यासपव
250 _a1
260 _bपुणे प्रकाशन
260 _c1969
300 _a134
365 _b7
999 _c954521
_d954518